| 000 | 00944nam a2200289 4500 | ||
|---|---|---|---|
| 003 | EG-GICUC | ||
| 005 | 20260121101330.0 | ||
| 008 | 251122s1949 it ||||| |||| 001 0 IT d | ||
| 040 |
_aEG-GiCUC _bita _cEG-GiCUC _dEG-GiCUC _eRda |
||
| 082 | 0 | 4 |
_221 _a341.1 _bQ U . D |
| 092 | 0 | 4 | _221 |
| 099 | _aLaw1 11 341.1 Q U . D 1949 | ||
| 100 | 1 |
_aQuadri, Rolando _eAuthor. |
|
| 245 | 1 | 0 |
_aDiritto internazionale pubblico / _cRolando Quadri. |
| 264 |
_aPalermo : _bG. Priulla, _c1949. |
||
| 300 |
_a503 page ; _c24 cm. |
||
| 336 |
_2rda contenu _a texte |
||
| 337 |
_2rda medias _aOrdinateur |
||
| 338 |
_2 transporteur rda _a Ressource en ligne |
||
| 504 | _aIncludes bibliographical references (pages 17-19) and index. | ||
| 546 | _a Text in Italian | ||
| 650 | 1 |
_aDiritto internazionale pubblico / _2qrmak |
|
| 651 | 1 | _2qrmak | |
| 856 | 4 | 0 | _uhttps://fll.law.cu.edu.eg/fulltext/bks/B11-06142.pdf |
| 905 |
_a75 _eYara |
||
| 942 |
_2ddc _n0 _cBK _e21 |
||
| 999 |
_c45262 _d45262 |
||